000
00329nam a2200133Ia 4500
008
220216s9999 xx 000 0 und d
245
0
_a
Natural rubber serum turned into fertilizer
260
_b
Jap. Chem. Week
_c
1991
300
_a
12
500
_a
Source Year: 1992
650
_a
Rubber serum
856
_u
IRRDB
942
_c
JS
999
_c
63634
_d
63634